Ethiopia : an investment guide to Ethiopia : opportunitiesand conditions 2013.

Bibliographic Details
Format: Book
Published: Addis Ababa: Ethiopian Investment Agency, 2013.
Subjects:
LEADER 00414cam a2200121 7i4500
001 0000031834
005 20141016090000.0
090 0 0 |a ETIO 332.6   |b ETH 
245 0 0 |a Ethiopia :   |b an investment guide to Ethiopia : opportunitiesand conditions 2013. 
260 0 0 |a Addis Ababa:   |b Ethiopian Investment Agency,   |c 2013. 
300 # # |a 39 p. 
650 0 0 |a Investments --   |z Ethiopia  
999 |a 0000034884  |b Book  |c Countries  |e Business Information Centre